000 02063nam0a2200373 4500
001 RU\NLR\bibl\1503703
005 20260407142301.0
010 _a978-5-7925-0258-1
_9200
021 _aRU
_b2010-19055
_91285
035 _a(NLR Aleph) 001495141
090 _a1782685
_c1782685
100 _a20100423d2009 |||y0rusy50 ca
101 0 _arus
102 _aRU
105 _ac |||||||||
200 1 _aАктуальные проблемы Гэсэриады: эпический текст и этнокультурные традиции
_eсборник научных статей, посвященный 100-летию со дня рождения фольклориста-эпосоведа А.И. Уланова
_fИн-т монголоведения, буддологии и тибетологии СО РАН
_g[редкол.: д.филол.н. Б.С. Дугаров (отв. ред.), к.филол.н. Л.Ц. Санжеева]
210 _aУлан-Удэ
_cИзд-во БНЦ СО РАН
_d2009
215 _a214, [1] с.
_cпортр.
_d21
320 _aБиблиогр. в конце ст.
600 1 _aУланов
_bА. И.
_f1909 - 2000
_gАлексей Ильич
_92600590
_3RU\NLR\auth\661537148
605 _a"Гэсэриада"
_jСборники
_lэпический цикл сказаний о Гэсэр-хане
_92294707
_3RU\NLR\auth\661374117
686 _aШ2г(2=Бу)7дУланов
686 _aШ3(251.7=Бу)-611
686 _aШ3(54Мо)-611
702 1 _4340
_7ca
_8rus
_aДугаров
_bБ. С.
_f1947-
_gБаир Сономович
_971885
_3RU\NLR\auth\7788957
702 1 _4570
_7ca
_8rus
_aУланов
_bА. И.
_f1909-2000
_gАлексей Ильич
_971883
_3RU\NLR\auth\7788955
712 0 2 _4570
_aИнститут монголоведения, буддологии и тибетологии
_cУлан-Удэ
_9521359
_3RU\NLR\AUTH\8810011816
801 0 _aRU
_bNLR
_c20100423
_gRCR
801 1 _aRU
_bNLR
_c20100423
830 _aред., перс. по кн.
942 _cBOOK
980 _aNB
980 _aNBR